000 00569nam a2200157 4500
999 _c16312
_d16312
008 211116b ||||| |||| 00| 0 eng d
022 _a0732-8435
082 _aDPer 657.05 C33 Apr - Sept 2016, v86 n4-9
100 _aMintz, Steven.
_943689
245 _aFrom analysis to action:
_bthe evolution of accounting ethics education/
_cSteven Mintz.
260 _aNew York:
_bThe New York State Society of CPA,
_c©2016.
300 _av86 n8, pages 6-11:
_billustrations;
_c28 cm.
500 _aThe CPA Journal
650 _aAccounting
_xEducation.
_943690
942 _2ddc
_cPER